| 000 | 00444nam a2200181Ia 4500 | ||
|---|---|---|---|
| 001 | 1644 | ||
| 005 | 20260306143743.0 | ||
| 008 | 260306t2006||||xx |||||||||||||| ||spa|| | ||
| 041 | _aESP | ||
| 082 |
_a153.9 _bG59 |
||
| 100 |
_aGoleman, Daniel _eAUT |
||
| 245 | 0 |
_aInteligencia Social: _bLa nueva ciencia para mejorar las relaciones humanas |
|
| 260 | _c2006 | ||
| 300 |
_a _c |
||
| 650 | _aGEN | ||
| 654 | _aCPS | ||
| 942 |
_cLIB _dJUS _fJUS _2ddc _n |
||
| 999 |
_c1644 _d1644 |
||